000 00701nam a2200217 a 4500
001 BRCA_3935
005 20190320204501.0
008 110110s1818----sp-#######---#000-0#spa-#
041 _aspa
044 _asp
050 4 _aF1231
_b.Z37 1818
100 1 _aZaragoza, Justo.
_910243
245 1 0 _aNoticias históricas de la Nueva España
_bpublicadas conla protección del Ministerio de Fomento
_cJusto Zaragoza.
260 _aMadrid
_bM.G. Hernández
_c1878
300 _axxiv ; 392 p.
_bil.
_c29 cm.
500 _aIncluye índice biográfico e índice de palabras americanas.
500 _aC86
651 4 _aMéxico
_vHistoria
_xPeriodo colonial,
_y1540-1810.
_910244
902 _aGFM
942 _2lcc
_cB
999 _c3662
_d3662